A guide to calculating the shelf life fo foods. (Record no. 8610)

000 -LEADER
fixed length control field 00258nam a22001217a 4500
040 ## - CATALOGING SOURCE
Transcribing agency SY
082 ## - DEWEY DECIMAL CLASSIFICATION NUMBER
Classification number 664
100 ## - MAIN ENTRY--AUTHOR NAME
Personal name WILLNGTON
245 ## - TITLE STATEMENT
Title A guide to calculating the shelf life fo foods.
260 ## - PUBLICATION, DISTRIBUTION, ETC. (IMPRINT)
Place of publication New Zalend
Name of publisher WIL
Year of publication 2005
300 ## - PHYSICAL DESCRIPTION
Number of Pages 27
942 ## - ADDED ENTRY ELEMENTS (KOHA)
Koha item type English Book
952 ## - LOCATION AND ITEM INFORMATION (KOHA)
Withdrawn status [LOCAL, KOHA] 0
952 ## - LOCATION AND ITEM INFORMATION (KOHA)
Withdrawn status [LOCAL, KOHA] 0
Holdings
Permanent Location Date acquired Koha item type Lost status Shelving location Barcode Current Location Full call number
Library Block C2016-08-08English Book C255RUA046017Library Block C664 WIL 2005 C255
Library Block C2016-08-08English Book C255RUA045871Library Block C664 WIL 2005 C255
មជ្ឈមណ្ឌលឯការនៃសាកលវិទ្យាល័យភូមិន្ទកសិកម្មចំការដូង

Powered by Koha